000 01651nam a2200349 c 4500
999 _c182556
_d182556
003 BLK
005 20200825090005.0
008 180411b bul|||||r ||||||| ||bul||
010 _aKNG00191481000
040 _aBLK
041 _aBUL
_cBUL
080 _aХидротерапия (водотерапия). Балнеолечение. Курортотерапия - Лечение с бани, горещи бани, сауна, хладни бани, речно къпане, влажни фрикции, компреси, с "жива вода"(алкално активирана, с ph 9, 6;курорт
_b615.838
_z615.838
100 1 _aДайски, Александър Георгиев
_eпърви автор
_958012
139 _aДайски, Александър Г.
_bД 13
245 1 0 _aЛечение чрез пиене на минерални води
_b[Науч.-попул. очерк]
_cАлександър Георгиев Дайски.
250 _a2. прераб. и доп. изд.
257 _aBGR
260 _bМедицина и физкултура
_c1981
_fПловдив : печ. Д. Благоев
300 _a152 с.
_c17 см
380 _a61
490 _aЛекарят ви съветва
_9203269
650 4 _aХидротерапия
_9176497
650 4 _aБалнеология - България
_9266417
653 _aхидротерапия
653 _aбалнеолечение
653 _aбалнеология
852 _aЦб І 18572
856 4 _qpdf
856 4 _qpdf
942 _cKNG
_n0
_s1
944 _aCR
_c04.10.2016
_kИрена_Линкова
944 _aED
_c04.10.2016
_kИрена_Линкова
999 _d182556